| 000 | 00445nam a2200169Ia 4500 | ||
|---|---|---|---|
| 008 | 231221s9999 xx 000 0 und d | ||
| 041 | _aEnglish | ||
| 082 | _a001.642 TAN | ||
| 100 | _aTanenbaum, Andrew S. Woodhull, Albert S. | ||
| 245 | 0 | _aOperating systems: Design and implementation | |
| 250 | _a2nd ed. | ||
| 260 |
_c1997 _bNew Delhi : PHI, |
||
| 300 | _axvii+939 | ||
| 300 | _cCD1625 | ||
| 650 | _aOperating systems | ||
| 942 | _cBC | ||
| 999 |
_c201977 _d201977 |
||